00575nam a2200157 4500001000700000003000900007007000300016008004100019100003500060245005700095260006200152300004100214852002200255999001900277952012100296127192ES-MaACLt|070214s1910 sp r ||||1| spa d1 aReyes Prosper, Eduardo.99659414aLas carofitas de España / cEduardo Reyes Prosper. aMadrid : b[s.n.], c1910 (fImp. Artística Española) a206 p., 27 lám. : bil. ; c25 cm. aES-MaACLjG-11012 c127192d127192 00104070aATENEOMbATENEOMcSPP3d2008-01-17eSCl0oG-11012p1132477r2023-02-23 00:00:00w2023-02-23yMONOGRAFIA